000 00235nam a2200121Ia 4500
100 _a#N/A
650 _aComputer/ IT
942 _cBK
654 _amcs - 51
245 _aMCS - 51 Microcontroller
260 _b#N/A
546 _aENGLISH
999 _c26338
_d26338